000 00671nam a2200217Ia 4500
001 9276
003 GE_BSU
008 181216s||||||||xx |||||||||||||| ||und||
040 _cGE_BSU
080 _a821.353.1
100 _aლორთქიფანიძე,ნიკო
245 _aრჩეული თხზულებანი. ტ.1
245 _bმოთხრობები
260 _aთბილისი
260 _bსახელგამი
260 _c1950
300 _a430გვ.1ფ.პორტრ.21სმ.
653 _aმოთხრობები
653 _aრჩეული თხზულებანი
942 _cBK
999 _c42575
_d42575